01052nam a2200229Ia 4500001000700000008004100007020001800048082001700066100002200083245013500105260002500240300001100265500032300276503001400599650001700613650003200630650004800662650001400710650002700724650003800751700003300789Z_5498220601s9999 xx 000 0 und d a84-315-3356-0 a636.0896 D47 aDesachy, Florence aLas zoonosis: transmisión de las enfermedades de los animales al ser humano / Florence Desachy; traducción Joan Artés Morata aEspaña : De Vecchi a174 p. aEn portada: Identificación de las patologías más comunes. Diagnóstico, tratamiento, prevención y cura de las enfermedades con fichas explicativas. \ Fotografía de la cubierta: Labat / Cogis \ Fotografías del interior: Philips Rocher salvo donde se indica otra procedencia \ Clasificación LC: RA10.P252  aej.1: C/E a1. Zoonosis  aenfermedades transmisibles  aenfermedades transmisibles en los animales  aZoonoses  aCommunicable diseases  aCommunicable diseases in animals  aArtés Morata, Joan, tr.Ì